|
|
|
|
| LEADER |
00950nam a2200241 a 4500 |
| 001 |
4187917 |
| 008 |
100413s1979 bg b 001 0 eng d |
| 010 |
|
|
|a 79907253
|
| 040 |
|
|
|a DLC
|c DLC
|d DLC
|d BD-DhAAL
|
| 082 |
0 |
0 |
|a 307.7/2/095492
|2 27
|
| 100 |
1 |
|
|a Jahangir, Burhanuddin Khan.
|
| 245 |
1 |
0 |
|a Differentiation, polarisation, and confrontation in rural Bangladesh /
|c B. K. Jahangir.
|
| 260 |
|
|
|a Dacca :
|b Centre for Social Studies,
|c 1979.
|
| 300 |
|
|
|a 324 p. ;
|c 22 cm.
|
| 504 |
|
|
|a Includes Bibliography (p. [293]-316.) and index.
|
| 541 |
1 |
|
|e 00000772
|
| 651 |
|
0 |
|a Bangladesh
|x Rural conditions.
|
| 650 |
|
0 |
|a Social classes
|z Bangladesh.
|
| 650 |
|
0 |
|a Villages
|z Bangladesh.
|
| 650 |
|
0 |
|a Peasants
|z Bangladesh.
|
| 852 |
4 |
|
|a Ayesha Abed Library
|j General shelf
|
| 999 |
|
|
|c 8163
|d 8163
|
| 952 |
|
|
|0 0
|1 0
|2 ddc
|4 0
|6 307_720954920000000_JAH_1979
|7 0
|9 9318
|a BRACUL
|b BRACUL
|c GEN
|d 2010-04-20
|g 72.00
|l 0
|o 307.72095492 JAH
|p 3010000772
|r 2010-04-20
|t 1
|w 2010-04-20
|y BK
|